Nestačí jen "slyšet" - aktivní naslouchání

Saved in:
Bibliographic Details
Main Authors Herynková, Marie (Author), Havigerová, Jana Marie, 1973- (Author)
Format Book
LanguageCzech
Published Červený Kostelec : Pavel Mervart, 2025
Subjects
ISBN978-80-7465-705-4
Physical Description206 stran : ilustrace ; 21 cm

Cover

LEADER 00000nam a2200000 i 4500
001 115582
003 CZ ZlUTB
005 20260505125009.0
007 ta
008 260416s2025 xr a f 001 0 cze
015 |a cnb003750808 
020 |a 978-80-7465-705-4  |q (brožováno) 
040 |a ABA001  |b cze  |e rda 
041 0 |a cze  |b eng 
072 7 |a 316.4/.7  |x Sociální interakce. Sociální komunikace  |2 Konspekt  |9 18 
080 |a 316.776  |2 MRF 
080 |a 316.77:81'42  |2 MRF 
080 |a 303.025  |2 MRF 
080 |a (048.8)  |2 MRF 
100 1 |a Herynková, Marie  |7 mub20191029603  |4 aut 
245 1 0 |a Nestačí jen "slyšet" - aktivní naslouchání /  |c Marie Herynková, Jana Marie Havigerová 
264 1 |a Červený Kostelec :  |b Pavel Mervart,  |c 2025 
300 |a 206 stran :  |b ilustrace ;  |c 21 cm 
336 |a text  |b txt  |2 rdacontent 
337 |a bez média  |b n  |2 rdamedia 
338 |a svazek  |b nc  |2 rdacarrier 
504 |a Obsahuje bibliografii, bibliografické odkazy a rejstřík 
546 |a Anglické resumé 
650 0 7 |a naslouchání  |7 ph290553  |2 czenas 
650 0 7 |a komunikační dovednosti  |7 ph180925  |2 czenas 
650 0 7 |a empirický výzkum  |7 ph486121  |2 czenas 
650 0 9 |a listening (interpersonal communication)  |2 eczenas 
650 0 9 |a communication skills  |2 eczenas 
650 0 9 |a empirical research  |2 eczenas 
655 7 |a monografie  |7 fd132842  |2 czenas 
655 9 |a monographs  |2 eczenas 
700 1 |a Havigerová, Jana Marie,  |d 1973-  |7 ola2003206205  |4 aut 
710 2 |a Nakladatelství Pavel Mervart  |7 kn20110210010  |4 pbl 
910 |a ZLD002 
942 |2 udc 
952 |0 0  |1 0  |4 0  |6 3166HERYNKOVÁM  |7 0  |8 BOOK  |9 190996  |a UTBZL  |b UTBZL  |c 005  |d 2026-05-05  |l 0  |o 316.6/HERYNKOVÁ,M.  |p 420010201748  |r 2026-05-05 12:50:55  |v 269.00  |w 2026-05-05  |x N:nákup  |y 01 
952 |0 0  |1 0  |4 0  |6 3166HERYNKOVÁM  |7 0  |8 BOOK  |9 190997  |a UTBZL  |b UTBZL  |c 006  |d 2026-05-05  |l 0  |o 316.6/HERYNKOVÁ,M.  |p 420010201749  |r 2026-05-05 12:51:22  |v 269.00  |w 2026-05-05  |x N:nákup  |y 04 
992 |a BK  |b SKNEW 
999 |c 115582  |d 115582